Statystyki dla Klany wysp Skellige

Kliknij tutaj aby rozwiązać quiz!

Ogólne statystyki

  • Ten quiz został rozwiązany 81 razy
  • Średni wynik to 3 z 7

Statystyki odpowiedzi

LokacjeKlan% Poprawnych
płn. Ard SkelligAn Craite
97%
An SkelligTuirseach
49%
płd. Ard SkelligDrummond
39%
UndvikTordarroch
28%
SpikeroogBrokvar
24%
FaroeDimun
24%
HindarsfjallHeymaey
10%

Rozkład punktacji

Percentyl według liczby udzielonych odpowiedzi

Procent ludzi z każdym wynikiem

Twoja historia wyników

Nie rozwiązałeś tego quizu